000 00318nab a22001097u 4500
008 130520b1989 xxu||||| |||| 00| 0 spa d
041 _aspa
100 1 _aAmba Oduyoye, Mercy
_910281
245 0 0 _aPobreza y maternidad
_cMercy Amba Oduyoye
773 0 _tConcilium
_gV.2,1989,págs.343-352
_x0210-1041
_wRev134
942 _cAR
999 _c355480
_d355480